| 000 | 00486pab a2200169 454500 | ||
|---|---|---|---|
| 008 | 180718b1995 xxu||||| |||| 00| 0 eng d | ||
| 100 | _ajones, Trevor and Newburn, Tim | ||
| 245 |
_aLocal government and policing _barresting the decline of local influence. |
||
| 260 | _c1995 | ||
| 300 | _ap.448-60 | ||
| 362 | _aAutumn | ||
| 650 | _aLocal government - Great Britain | ||
| 650 | _aPolice - Great Britain | ||
| 650 | _aPolice | ||
| 773 | _aLocal Government Studies | ||
| 909 | _a30871 | ||
| 999 |
_c30871 _d30871 |
||